Barrios de Valencia (España) - Estadísticas

Estadísticas generales
  • Esta prueba ha sido intentada 289 veces
    56 desde el último reinicio
  • La puntuación promedio es 36 de 87
Estadísticas de respuestas
Hint Respuesta % Correcto
Benimaclet Benimaclet
81%
Rascanya Orriols
81%
Patraix Patraix
81%
Campanar Campanar
77%
Benicalap Benicalap
73%
Poblats Marítims El Cabanyal-El Canyamelar
73%
Eixample Russafa
73%
Ciutat Vella El Carme
69%
Poblats Marítims La Malva-rosa
69%
El Pla del Real Mestalla
69%
Poblats de l'Oest Benimàmet
65%
Poblats del Sud La Torre
65%
Poblats Marítims El Grau
62%
Poblats de l'Oest Beniferri
58%
Algirós L'Amistat
58%
Poblats Marítims Natzaret
58%
Patraix Sant Isidre
58%
Poblats del Sud El Saler
54%
Camins al Grau Ayora
50%
Poblats del Sud El Perellonet
50%
Quatre Carreres Malilla
50%
Patraix Safranar
50%
Jesús Sant Marcel·lí
50%
Rascanya Torrefiel
50%
Poblats Marítims Beteró
46%
Poblats del Sud Forn d'Alcedo
46%
Ciutat Vella La Seu
46%
La Saïdia Marxalenes
46%
Extramurs Arrancapins
42%
Poblats del Sud Castellar-L'Oliveral
42%
Olivereta La Llum
42%
Quatre Carreres La Punta
42%
Quatre Carreres Montolivet
42%
Poblats del Sud Pinedo
42%
Olivereta Tres Forques
42%
Poblats del Nord Benifaraig
38%
Benicalap Ciutat Fallera
38%
Extramurs El Botànic
38%
Ciutat Vella El Mercat
38%
Poblats del Sud El Palmar
38%
Eixample Gran Via
38%
Extramurs La Petxina
38%
Ciutat Vella La Xerea
38%
Campanar Les Tendetes
38%
Poblats del Nord Mahuella (Tauladella, Rafalell i Vistabella)
38%
Benimaclet Camí de Vera
35%
Jesús Camí Real
35%
Poblats del Nord Carpesa
35%
Ciutat Vella El Pilar (Velluters)
35%
El Pla del Real Exposició
35%
Poblats del Sud Faitanar
35%
Quatre Carreres Fonteta de Sant Lluís
35%
Jesús La Creu Coberta
35%
Olivereta La Fuensanta
35%
Jesús L'Hort de Senabre
35%
Poblats del Nord Massarrojos
35%
Olivereta Soternes
35%
La Saïdia Trinitat
35%
Poblats del Nord Borbotó
31%
Poblats del Nord Cases de Bàrcena
31%
Algirós Ciutat Jardí
31%
El Pla del Real Ciutat Universitària
31%
Camins al Grau La Creu del Grau
31%
Jesús La Raiosa
31%
Poblats del Nord Poble Nou
31%
Camins al Grau Camí Fondo
27%
Quatre Carreres Ciutat de les Arts i les Ciències
27%
Patraix Favara
27%
Algirós La Bega Baixa
27%
Algirós La Carrasca
27%
Quatre Carreres Na Rovella
27%
Olivereta Nou Moles
27%
Rascanya Sant Llorenç
27%
Campanar Sant Pau
27%
La Saïdia Tormos
27%
Patraix Vara de Quart
27%
Camins al Grau Albors
23%
Quatre Carreres En Corts
23%
Extramurs La Roqueta
23%
Algirós L'Illa Perduda
23%
La Saïdia Morvedre
23%
Eixample Pla del Remei
23%
Ciutat Vella Sant Francesc
23%
Campanar El Calvari
19%
El Pla del Real Jaume Roig
19%
La Saïdia Sant Antoni
19%
Camins al Grau Penya-Roja
15%
No se encontraron pruebas coincidentes
Distribución de puntuación
Porcentaje de gente con cada puntuación
Porcentaje por número respondido
Historial de tus puntuaciones
No has intentado esta prueba desde el último reinicio